000
00305nam a22001217a 4500
008
160426b xxu||||| |||| 00| 0 eng d
020
_a
9780781781602
020
_a
100781781604
041
_a
eng
080
_a
618.2
245
_a
Health assessment in nursing:
_c
Janet Weber ; Jane Kelley;
942
_2
udc
_c
BK
999
_c
1586
_d
1586